Los derechos sexuales desde una perspectiva jurídica /

Desde un enfoque jurídico, el presente artículo aborda el tema de los derechos sexuales, planteándose como objetivo explorar los mecanismos para concretar jurídicamente dichos derechos, por lo que se toman en cuenta aspectos como: el reconocimiento de los derechos, el contenido mínimo de estos, el t...

全面介紹

Guardado en:
書目詳細資料
主要作者: Morales Aché, Pedro
格式: Texto
主題:
標簽: 添加標簽
沒有標簽, 成為第一個標記此記錄!

MARC

LEADER 00000 a a2200000 04500
001 41904
003
040
100 |a Morales Aché, Pedro  
245 |a Los derechos sexuales desde una perspectiva jurídica /  |c Pedro Morales Aché  
520 |a Desde un enfoque jurídico, el presente artículo aborda el tema de los derechos sexuales, planteándose como objetivo explorar los mecanismos para concretar jurídicamente dichos derechos, por lo que se toman en cuenta aspectos como: el reconocimiento de los derechos, el contenido mínimo de estos, el tipo de obligaciones y derivadas y los sujetos.  
590 |a SJB/NOVIEMBRE2011  
650 |a 1.DERECHOS SEXUALES  
650 |a 2.ASPECTOS JURIDICOS  
650 |a 3.SEXUALIDAD  
650 |a 4.DISCRIMINACION BASADA EN EL GENERO  
650 |a 5.DERECHOS HUMANOS  
650 |a 6.DERECHO  
773 |g (2008), páginas 137-183  
999 |c 37387  |d 37387